Statistics for Conditions of Hardy-Weinberg Principle

Click here to take the quiz!

General Stats

  • This quiz has been taken 5 times
  • The average score is 3 of 9

Answer Stats

Principles% Correct
Mating is random
50%
There is no mutation
50%
Generations do not overlap
25%
Organisms are diploid
25%
The allele frequencies are equal in both sexes
25%
The population size is very large
25%
There is no migration
25%
There is no selection
25%
They reproduce sexually
0%

Score Distribution

Percentile by Number Answered

Percent of People with Each Score

Your Score History

You have not taken this quiz